Internet impact on business:E-commerce development in the Czech Republic

Teória elektronického obchodovania. Jeho využitie na spotrebiteľských trhoch.

Uložené v:
Podrobná bibliografia
Hlavný autor: Pilík, Michal
Médium: Kapitola
Jazyk:English
Predmet:
Tagy: Pridať tag
Žiadne tagy, Buďte prvý, kto otaguje tento záznam!

MARC

LEADER 00000naa$a2200000$$$4500
001 0111442
005 20231128130610.5
041 0 |a eng 
044 |a CZ 
245 1 0 |a Internet impact on business:E-commerce development in the Czech Republic  |c Michal Pilík 
520 |a Teória elektronického obchodovania. Jeho využitie na spotrebiteľských trhoch. 
610 2 0 |a podnikanie elektronické 
610 2 0 |a internet 
610 2 0 |a marketing 
610 2 0 |a Česko 
610 2 0 |a trh spotrebiteľský 
100 1 |a Pilík, Michal